The witches of Worm / (Record no. 88504)
[ view plain ]
| 000 -LEADER | |
|---|---|
| fixed length control field | 01328cam a2200385 a 4500 |
| 001 - CONTROL NUMBER | |
| control field | 14205505 |
| 005 - DATE AND TIME OF LATEST TRANSACTION | |
| control field | 20260205142020.0 |
| 092 ## - LOCALLY ASSIGNED DEWEY CALL NUMBER (OCLC) | |
| Classification number | SNYDER |
| 008 - FIXED-LENGTH DATA ELEMENTS--GENERAL INFORMATION | |
| fixed length control field | 051220r20051972nyua c 000 1 eng |
| 010 ## - LIBRARY OF CONGRESS CONTROL NUMBER | |
| LC control number | 2005285141 |
| 020 ## - INTERNATIONAL STANDARD BOOK NUMBER | |
| International Standard Book Number | 0440497272 |
| 040 ## - CATALOGING SOURCE | |
| Original cataloging agency | DLC |
| Transcribing agency | DLC |
| 042 ## - AUTHENTICATION CODE | |
| Authentication code | lcac |
| 050 00 - LIBRARY OF CONGRESS CALL NUMBER | |
| Classification number | PZ7.S68522 |
| Item number | Wi 2005 |
| 082 00 - DEWEY DECIMAL CLASSIFICATION NUMBER | |
| Classification number | [Fic] |
| Edition number | 22 |
| 100 1# - MAIN ENTRY--PERSONAL NAME | |
| Personal name | Snyder, Zilpha Keatley. |
| 9 (RLIN) | 8868 |
| 245 14 - TITLE STATEMENT | |
| Title | The witches of Worm / |
| Statement of responsibility, etc | Zilpha Keatley Snyder ; illustrated by Alton Raible. |
| 260 ## - PUBLICATION, DISTRIBUTION, ETC. (IMPRINT) | |
| Place of publication, distribution, etc | New York : |
| Name of publisher, distributor, etc | Yearling Book, |
| Date of publication, distribution, etc | [2005?] |
| 300 ## - PHYSICAL DESCRIPTION | |
| Extent | 183 p. : |
| Other physical details | ill. ; |
| Dimensions | 20 cm. |
| 490 ## - SERIES STATEMENT | |
| Series statement | Newbery |
| 521 0# - TARGET AUDIENCE NOTE | |
| Target audience note | RL: 6.6. |
| 521 1# - TARGET AUDIENCE NOTE | |
| Target audience note | 010 & up. |
| 586 ## - AWARDS NOTE | |
| Awards note | Newbery Honor book, 1973. |
| 520 ## - SUMMARY, ETC. | |
| Summary, etc | Lonely, twelve-year-old Jessica is convinced that the cat she finds is possessed by a witch and is responsible for her own strange behavior. |
| 650 ## - SUBJECT ADDED ENTRY--TOPICAL TERM | |
| Topical term or geographic name as entry element | Newbery Medal |
| 650 #1 - SUBJECT ADDED ENTRY--TOPICAL TERM | |
| Topical term or geographic name as entry element | Witchcraft |
| Form subdivision | Fiction. |
| 9 (RLIN) | 5695434 |
| 650 #1 - SUBJECT ADDED ENTRY--TOPICAL TERM | |
| Topical term or geographic name as entry element | Cats |
| Form subdivision | Fiction. |
| 9 (RLIN) | 5674208 |
| 650 #1 - SUBJECT ADDED ENTRY--TOPICAL TERM | |
| Topical term or geographic name as entry element | Magic |
| Form subdivision | Fiction. |
| 9 (RLIN) | 5673694 |
| 700 1# - ADDED ENTRY--PERSONAL NAME | |
| Personal name | Raible, Alton, |
| Dates associated with a name | 1918- |
| Relator term | ill. |
| 9 (RLIN) | 3955 |
| 906 ## - LOCAL DATA ELEMENT F, LDF (RLIN) | |
| a | 7 |
| b | cbc |
| c | origcop |
| d | 2 |
| e | ncip |
| f | 20 |
| g | y-gencatlg |
| 925 0# - | |
| -- | acquire |
| -- | 1 shelf copy |
| -- | policy default |
| 942 ## - ADDED ENTRY ELEMENTS (KOHA) | |
| Koha item type | BOOK |
| 955 ## - COPY-LEVEL INFORMATION (RLIN) | |
| -- | lb22 2007-11-02 to BCCD |
| 998 ## - LOCAL CONTROL INFORMATION (RLIN) | |
| -- | a156507 |
| Withdrawn status | Lost status | Source of classification or shelving scheme | Damaged status | Not for loan | Collection code | Home library | Current library | Shelving location | Date acquired | Source of acquisition | Cost, normal purchase price | Total Checkouts | Full call number | Barcode | Date last seen | Date checked out | Cost, replacement price | Price effective from | Koha item type |
|---|---|---|---|---|---|---|---|---|---|---|---|---|---|---|---|---|---|---|---|
| Dewey Decimal Classification | Junior Fiction | Wasatch County Library | Wasatch County Library | Main Floor Junior Area | 04/21/2017 | Donation | 4.50 | 2 | J Snyder | 34301001352287 | 01/25/2024 | 02/28/2018 | 4.50 | 03/20/2020 | BOOK |
